| Registos Bibliográficos associados ao registo de autoridade |
|
Etiqueta de registo: 00254nkm 2200109 450 001 1934115 003 http://id.bnportugal.gov.pt/bib/catbnp/1934115 100 ## $a20160615d1990 am y0pory0103 ba 101 0# $apor 102 ## $aPT 200 1# $a4ª Festa Internacional dos Jogos 1990$bVisual gráfico]$efeira de S. João...$forganização Associação de Jogos Tradicionais da Guarda 210 #9 $aGuarda$cAssociação de Jogos Tradicionais,$d1990$eGuarda:$gCasa Véritas) 215 ## $a1 cartaz$ccolor.$d42,5x30 cm 317 ## $aColeção Madeira Luís 330 ## $aDesenho, em sombra, de um galináceo 675 ## $a394.3(469.311)"1990"(084.5)$vBN$zpor$31647286 675 ## $a766(=1:469)"199"(084.5)$vBN$zpor$3589138 710 12 $aFesta Internacional dos Jogos,$d4,$eGuarda,$f1990$31649029 712 02 $aAssociação Distrital de Jogos Tradicionais da Guarda$4557$31647152 801 #0 $aPT$bBN$gRPC 966 ## $lBN$mICONOG$pFrancisco Madeira Luís$sCT. 7840 V.$x3
Etiqueta de registo: 00000nkm 2200025 450 001 2266467 003 http://id.bnportugal.gov.pt/bib/catbnp/2266467 100 ## $a20260213d1990 m y0pory01030103ba 101 0# $apor 102 ## $aPT 200 1# $a4ª. Festa Internacional dos Jogos 1990, Guarda 5 a 10 de setembro$bVisual gráfico]$fAssociação de Jogos Internacionais da Guarda$gSérgio G. + M. J. Abrunhosa 210 #9 $aGuarda$cAssociação de Jogos Internacionais da Guarda,$d1990$eGuarda :$gCasa Véritas, Editora Lda.) 215 ## $a1 cartaz$ccolor.$d62x41,5 cm 317 ## $aColeção Madeira Luís 675 ## $a766(=1:469)"199"(084.5)$vBN$zpor$3589138 702 #1 $aG., $bSérgio$4410$31985388 702 #1 $aAbrunhosa,$bM. J.$4410$3135277 710 02 $aAssociação Distrital de Jogos Tradicionais da Guarda$31647152 712 12 $aFesta Internacional dos Jogos,$d4,$eGuarda,$f1990$31649029 801 #0 $aPT$bBN$gRPC 966 ## $lBN$mICONOG$sCT. 20849 A.$x3 971 ## $cCaticonografia2$d20260213 995 ## $aPRR2026 $d20260213$iCaticonografia2
Etiqueta de registo: 00000nkm 2200025 450 001 2274635 003 http://id.bnportugal.gov.pt/bib/catbnp/2274635 100 ## $a20260303d1990 m y0pory01030103ba 101 0# $apor 102 ## $aPT 200 1# $aMadredeus, 2 setembro, Parque Municipal da Guarda$bVisual gráfico]$fCâmara Municipal da Guarda 210 #9 $aGuarda$cCâmara Municipal da Guarda,$d1990$eGuarda :$gMarques & Pereira, Lda.) 215 ## $a1 cartaz$ccolor.$d42,9x30,4 cm 317 ## $aColeção Madeira Luís 710 12 $aFesta Internacional dos Jogos,$d4,$eGuarda,$f1990$31649029 712 02 $aCâmara Municipal da Guarda$4557$38600 801 #0 $aPT$bBN$gRPC 966 ## $lBN$mICONOG$sCT. 15626 V.$x3 971 ## $cCaticonografia2$d20260303 995 ## $aPRR2026
Etiqueta de registo: 00000nkm 2200025 450 001 2279433 003 http://id.bnportugal.gov.pt/bib/catbnp/2279433 100 ## $a20260311d1990 m y0pory01030103ba 101 0# $apor 102 ## $aPT 200 1# $a4 ª Festa Internacional dos Jogos, 1990$bVisual gráfico]$fA.J.T.G. - Associação Jogos Tradicionais, Guarda 210 #9 $aGuarda$cAssociação Jogos Tradicionais, Guarda,$d1990$eGuarda :$gMarques & Pereira, Lda.) 215 ## $a1 cartaz$ccolor.$d42x30 cm 303 ## $aCartaz de divulgação dos espetáculos "Os Bichos" de Miguel Torga, e a "Pregação" pelo
Teatro "O Bando" realizados nos dias 24 e 25 de agosto na Guarda, integrados na Festa
Internacional dos Jogos 317 ## $aColeção Madeira Luís 710 12 $aFesta Internacional dos Jogos,$d4,$eGuarda,$f1990$31649029 712 02 $aAssociação de Jogos Tradicionais da Guarda$4557$31647437 801 #0 $aPT$bBN$gRPC 966 ## $lBN$mICONOG$sCT. 15933 V.$x3 971 ## $cCatmusica8$d20260311 972 ## $d20260317$e1$vfpinelo$z0 995 ## $aPRR2026
Etiqueta de registo: 00000nkm 2200025 450 001 2279107 003 http://id.bnportugal.gov.pt/bib/catbnp/2279107 100 ## $a20260311d1990 m y0pory01030103ba 101 0# $apor 102 ## $aPT 200 1# $a4ª. Festa Internacional dos Jogos apresenta O Gozo do Jogo, Guarda, 7-9 setembro 1990$bVisual gráfico]$fAssociação Jogos Tradicionais Guarda 210 #9 $aGuarda$cFesta Internacional dos Jogos,$d1990$eGuarda :$gMarques & Pereira, lda ) 215 ## $a1 cartaz$ccolor.$d42x29,6cm 317 ## $aColeção Madeira Luís 710 01 $aAssociação de Jogos Tradicionais da Guarda$31988093 712 12 $aFesta Internacional dos Jogos,$d4,$eGuarda,$f1990$31649029 801 #0 $aPT$bBN$gRPC 966 ## $lBN$mICONOG$sCT. 15993 V.$x3 971 ## $cCaticonografia10$d20260311 995 ## $aPRR2026
Etiqueta de registo: 00000nkm 2200025 450 001 2280715 003 http://id.bnportugal.gov.pt/bib/catbnp/2280715 100 ## $a20260316d1990 m y0pory01030103ba 101 0# $apor 102 ## $aPT 200 1# $a4ª. Festa Internacional dos Jogos 1990, ExposiçãO Distrital de Artesanato, 31 agosto
a 9 setembro 1990$bVisual gráfico]$fAssociação Jogos Tradicionais Guarda 210 #9 $aGuarda$cAssociação Jogos Tradicionais Guarda,$d1990 215 ## $a1 cartaz$ccolor.$d42x29,5 cm 317 ## $aColeção Madeira Luís 710 12 $aFesta Internacional dos Jogos,$d4,$eGuarda,$f1990$31649029 712 01 $aAssociação de Jogos Tradicionais da Guarda$31988093 801 #0 $aPT$bBN$gRPC 966 ## $lBN$mICONOG$sCT. 16898 V.$x3 971 ## $cCaticonografia9$d20260316 995 ## $aPRR2026
Etiqueta de registo: 00000nkm 2200025 450 001 2280692 003 http://id.bnportugal.gov.pt/bib/catbnp/2280692 100 ## $a20260316d1990 m y0pory01030103ba 101 0# $apor 102 ## $aPT 200 1# $a4ª. Festa Internacional dos Jogos 1990$bVisual gráfico]$fAssociação Jogos Tradicionais Guarda 210 #9 $aGuarda$cAssociação Jogos Tradicionais Guarda,$d1990$eGuarda :$gCasa Véritas - Editora Lda. ) 215 ## $a1 cartaz$ccolor.$d42x30,5 cm 317 ## $aColeção Madeira Luís 710 12 $aFesta Internacional dos Jogos,$d4,$eGuarda,$f1990$31649029 712 01 $aAssociação de Jogos Tradicionais da Guarda$31988093 801 #0 $aPT$bBN$gRPC 966 ## $lBN$mICONOG$sCT. 16893 V.$x3 971 ## $cCaticonografia9$d20260316 995 ## $aPRR2026
Etiqueta de registo: 00000nkm 2200025 450 001 2280431 003 http://id.bnportugal.gov.pt/bib/catbnp/2280431 100 ## $a20260316d1990 m y0pory01030103ba 101 0# $apor 102 ## $aPT 200 1# $a4.ª Festa Internacional dos Jogos 1990, com Maio Moço e Carlos Paredes, Parque Mundial,
Guarda, 1 setembro$bVisual gráfico]$fAssociação Jogos Tradicionais, Guarda 210 #9 $aGuarda$cAssociação Jogos Tradicionais da Guarda,$d1990$eGuarda :$gMarques & Pereira, Lda. ) 215 ## $a1 cartaz$ccolor.$d40x30 cm 317 ## $aColeção Madeira Luís 710 12 $aFesta Internacional dos Jogos,$d4,$eGuarda,$f1990$31649029 712 01 $aAssociação de Jogos Tradicionais da Guarda$31988093 801 #0 $aPT$bBN$gRPC 966 ## $lBN$mICONOG$sCT. 16842 V.$x3 971 ## $cCaticonografia7$d20260316 995 ## $aPRR2026
Etiqueta de registo: 00000nkm 2200025 450 001 2281077 003 http://id.bnportugal.gov.pt/bib/catbnp/2281077 100 ## $a20260317d1990 m y0pory01030103ba 101 0# $apor 102 ## $aPT 200 1# $a4ª Festa Internacional dos Jogos, A Pregação, Caustros do Ex. Paço Episcopal da Guarda,
3 de maio 1990$bVisual gráfico]$fFesta Internacional dos Jogos 210 #9 $aGuarda$cFesta Internacional dos Jogos,$d1990$eGuarda:$gCasa Véritas Editora) 215 ## $a1 cartaz$ccolor.$d42x30 cm 317 ## $aColeção Madeira Luís 710 12 $aFesta Internacional dos Jogos,$d4,$eGuarda,$f1990$31649029 801 #0 $aPT$bBN$gRPC 966 ## $lBN$mICONOG$sCT. 16328 V.$x3 971 ## $cCaticonografia5$d20260317 995 ## $aPRR2026
Etiqueta de registo: 00000nkm 2200025 450 001 2281515 003 http://id.bnportugal.gov.pt/bib/catbnp/2281515 100 ## $a20260318d1990 m y0pory01030103ba 101 0# $apor 102 ## $aPT 200 1# $aPapagaios de Macau, Exposição, Arquivo Distrital, 31 de agosto a 9 de setembro$bVisual gráfico]$fAssociação Jogos Tradicionais Guarda 210 #9 $a[Guarda]$cAssociação Jogos Tradicionais Guarda,$d1990 215 ## $a1 cartaz$ccolor.$d42x29,6 cm 317 ## $aColeção Madeira Luís 710 12 $aFesta Internacional dos Jogos,$d4,$eGuarda,$f1990$31649029 712 01 $aAssociação Jogos Tradicionais Guarda$4557$31992291 801 #0 $aPT$bBN$gRPC 966 ## $lBN$mICONOG$sCT. 16500 V.$x3 971 ## $cCaticonografia5$d20260318 995 ## $aPRR2026
Etiqueta de registo: 00000nkm 2200025 450 001 2281398 003 http://id.bnportugal.gov.pt/bib/catbnp/2281398 100 ## $a20260318d1990 m y0pory01030103ba 101 0# $apor 102 ## $aPT 200 1# $a«4ª» Festa Internacional dos Jogos, exposição de filatelia, Solar Teles de Vasconcelos
(Guarda), 2 a 9 de setembro 1990$bVisual gráfico]$fAssociação Jogos Tradicionais, Guarda, Festa Internacional dos Jogos 210 #9 $aGuarda$cAssociação Jogos Tradicionais, Guarda,$d1990 215 ## $a1 cartaz$ccolor.$d42x29,7 cm 317 ## $aColeção Madeira Luís 710 01 $aAssociação de Jogos Tradicionais da Guarda$31988093 711 12 $aFesta Internacional dos Jogos,$d4,$eGuarda,$f1990$31649029 801 #0 $aPT$bBN$gRPC 966 ## $lBN$mICONOG$sCT. 16481 V.$x3 971 ## $cCaticonografia5$d20260318 995 ## $aPRR2026
Etiqueta de registo: 00000nkm 2200025 450 001 2281324 003 http://id.bnportugal.gov.pt/bib/catbnp/2281324 100 ## $a20260318d1990 m y0pory01030103ba 101 0# $apor 102 ## $aPT 200 1# $a4.ª Festa Internacional dos Jogos 1990 apresenta Teatro Dom Roberto, Companhia de
Marionetas do Porto, agosto$bVisual gráfico]$fAssociação Jogos Tradicionais Guarda 210 #9 $aGuarda$cAssociação Jogos Tradicionais Guarda,$d1990$eGuarda :$gMarques & Pereira, Lda.) 215 ## $a1 cartaz$ccolor.$d42x29,7 cm 317 ## $aColeção Madeira Luís 330 ## $aCartaz apresenta itinerância da companhia por Gouveia, Manteigas, Figueira Castelo
Rodrigo, Aguiar da Beira, Meda, Celorico da Beira, Seia, Guarda, Sabugal, Trancoso,
Pinhel 710 12 $aFesta Internacional dos Jogos,$d4,$eGuarda,$f1990$31649029 712 02 $aAssociação Distrital de Jogos Tradicionais da Guarda$4070$31647152 801 #0 $aPT$bBN$gRPC 966 ## $lBN$mICONOG$sCT. 16265 V.$x3 971 ## $cCaticonografia1$d20260318 995 ## $aPRR2026
Etiqueta de registo: 00000nkm 2200025 450 001 2273847 003 http://id.bnportugal.gov.pt/bib/catbnp/2273847 100 ## $a20260302d1990 m y0pory01030103ba 101 0# $apor 102 ## $aPT 200 1# $a«"»Dança do Leão«"», Macau, [na] 4.ª Festa Internacional dos Jogos 1990, Guarda, 7
de setembro$bVisual gráfico]$fAssociação Jogos Tradicionais. Guarda 210 #9 $aGuarda$cAssociação Jogos Tradicionais. Guarda,$d1990 215 ## $a1 cartaz$ccolor.$d29,8x21,1 cm 317 ## $aColeção Madeira Luís 710 01 $aAssociação de Jogos Tradicionais da Guarda$31988093 711 12 $aFesta Internacional dos Jogos,$d4,$eGuarda,$f1990$31649029 801 #0 $aPT$bBN$gRPC 966 ## $lBN$mICONOG$sCT. 6154 P.$x3 971 ## $cCaticonografia1$d20260302 995 ## $aPRR2026
|
|
|